[Event "GER-chT U16"]
[Site "Magdeburg"]
[Date "2023.12.27"]
[Round "1.3"]
[White "Gold, Jan Christian"]
[Black "Semling, Johannes"]
[Result "1-0"]
[WhiteElo "1932"]
[BlackElo "2147"]
[PlyCount "69"]
[EventDate "2023.12.26"]
[EventType "team-swiss"]
[EventRounds "7"]
[EventCountry "GER"]
[SourceTitle "CB03_2024"]
[SourceDate "2024.01.17"]
[SourceVersion "1"]
[SourceVersionDate "2024.01.17"]
[SourceQuality "1"]
[WhiteTeam "Bad Homburg"]
[BlackTeam "Baden-Baden"]
[WhiteTeamCountry "GER"]
[BlackTeamCountry "GER"]

1. d4 Nf6 2. g3 e6 3. Bg2 d5 4. Nf3 b5 5. a4 b4 6. c4 bxc3 7. Nxc3 Be7 8. 0-0 0-0 9. Bf4 a6 10. Ne5 Bb7 11. Qb3 Ra7 12. a5 Nc6 13. Nxc6 Bxc6 14. Rfc1 Qd7 15. Qc2 Rc8 16. h3 h6 17. g4 Qe8 18. e3 Nd7 19. Bf1 Bb7 20. Na4 c5 21. dxc5 Bxc5 22. Qb3 Qd8 23. Nxc5 Nxc5 24. Qb4 Ne4 25. Qb6 Qxb6 26. Rxc8+ Bxc8 27. axb6 Ra8 28. Rc1 f6 29. Rxc8+ Rxc8 30. b7 Rf8 31. b8Q Rxb8 32. Bxb8 Nc5 33. Ba7 Na4 34. Bd4 e5 35. b3 1-0

[Event "Heusenstamm Schloss op"]
[Site "Heusenstamm"]
[Date "2023.11.26"]
[Round "7"]
[White "Gold, Jan Christian"]
[Black "Hoppstaedter, Daniel"]
[Result "0-1"]
[WhiteElo "1934"]
[BlackElo "2186"]
[PlyCount "70"]
[EventDate "2023.11.23"]
[EventType "swiss"]
[EventRounds "7"]
[EventCountry "GER"]
[SourceTitle "CB50_2023"]
[SourceDate "2023.12.13"]
[SourceVersion "1"]
[SourceVersionDate "2023.12.13"]
[SourceQuality "1"]

1. d4 Nf6 2. Nf3 g6 3. g3 Bg7 4. Bg2 d5 5. 0-0 0-0 6. c4 c6 7. Ne5 Nbd7 8. Nc3 dxc4 9. Nxc4 Nb6 10. Ne5 Be6 11. e4 Qc8 12. a4 a5 13. Re1 Rd8 14. Be3 Ne8 15. Nf3 Nc4 16. Bc1 Bg4 17. Qc2 Bxf3 18. Bxf3 Bxd4 19. Ne2 Ne5 20. Nxd4 Rxd4 21. Be2 Qh3 22. f4 Ng4 23. Bf1 Qh5 24. h3 Ngf6 25. g4 Qh4 26. Be3 Qg3+ 27. Qg2 Qxg2+ 28. Bxg2 Rb4 29. Bc5 Rxb2 30. Reb1 Rxb1+ 31. Rxb1 e5 32. Rxb7 exf4 33. Rb6 f3 34. Bxf3 Nd7 35. Rxc6 Ne5 0-1

[Event "Heusenstamm Schloss op"]
[Site "Heusenstamm"]
[Date "2023.11.24"]
[Round "2"]
[White "Gold, Jan Christian"]
[Black "Merz, Leander"]
[Result "1/2-1/2"]
[WhiteElo "1934"]
[BlackElo "1743"]
[PlyCount "200"]
[EventDate "2023.11.23"]
[EventType "swiss"]
[EventRounds "7"]
[EventCountry "GER"]
[SourceTitle "CB50_2023"]
[SourceDate "2023.12.13"]
[SourceVersion "1"]
[SourceVersionDate "2023.12.13"]
[SourceQuality "1"]

1. Nf3 d5 2. d4 e6 3. g3 b5 4. a4 b4 5. Bg2 Bb7 6. c4 bxc3 7. Nxc3 Nd7 8. Bf4 Rc8 9. 0-0 Ngf6 10. Qb3 Ba8 11. Rac1 a6 12. Rfd1 Be7 13. Ne5 0-0 14. Nd3 Nb6 15. e4 dxe4 16. Nc5 Bxc5 17. dxc5 Nbd7 18. Qc2 Qe7 19. Nxe4 Bxe4 20. Bxe4 Nxe4 21. Qxe4 Rfe8 22. Qc6 Nb8 23. Qe4 Nd7 24. Qc4 e5 25. Bg5 Qxg5 26. Rxd7 Qf6 27. Re1 h6 28. c6 Re6 29. Qxa6 Rb8 30. Qe2 Rxc6 31. Qxe5 Re6 32. Qa5 Rxe1+ 33. Qxe1 Qxb2 34. Rxc7 Qa2 35. Qe4 Qb1+ 36. Qxb1 Rxb1+ 37. Kg2 Ra1 38. Ra7 Ra3 39. h4 g6 40. g4 Kf8 41. f3 Ke8 42. Kg3 g5 43. h5 Ra2 44. Ra6 Kf8 45. Rxh6 Rxa4 46. Rf6 Kg7 47. Rc6 Rb4 48. Kf2 Ra4 49. Rd6 Rf4 50. Ke3 Kh7 51. Rd4 Rf6 52. Ke4 Rf4+ 53. Ke3 Rf6 54. Re4 Kh6 55. Kf2 Kg7 56. Kg3 Ra6 57. Re5 Kh6 58. Rf5 f6 59. Rd5 Ra7 60. Kf2 Re7 61. Rd4 Kg7 62. Re4 Ra7 63. Re6 Kf7 64. Rd6 Re7 65. Rd8 Kg7 66. Rd5 Kf7 67. Rd8 Kg7 68. Rc8 Kf7 69. Rb8 Kg7 70. Kg3 Ra7 71. Rb5 Rc7 72. Rb4 Kh6 73. Re4 Ra7 74. Re3 Kg7 75. Rd3 Rc7 76. Re3 Ra7 77. f4 gxf4+ 78. Kxf4 Kf7 79. Rd3 Ra4+ 80. Kf5 Ra5+ 81. Ke4 Rg5 82. Kf4 Ra5 83. Rd4 Ra7 84. Rd5 Ke6 85. Rd4 Kf7 86. Rc4 Ra5 87. Rb4 Kg7 88. Rb7+ Kg8 89. Rd7 Rg5 90. Rc7 Ra5 91. Kg3 Rg5 92. Kh4 Ra5 93. Rb7 Rg5 94. Kg3 f5 95. Rb8+ Kg7 96. Rb7+ Kg8 97. Kf4 Rxg4+ 98. Kxf5 Rg7 99. Rb8+ Kh7 100. Kf6 Ra7 1/2-1/2

[Event "Rhein Main op-B 25th"]
[Site "Bad Homburg"]
[Date "2023.06.07"]
[Round "1"]
[White "Gold, Jan Christian"]
[Black "Bensberg, Arno"]
[Result "1/2-1/2"]
[WhiteElo "1754"]
[BlackElo "1507"]
[PlyCount "160"]
[EventDate "2023.06.07"]
[EventType "swiss"]
[EventRounds "7"]
[EventCountry "GER"]
[SourceTitle "CBM 215 Extra"]
[Source "ChessBase"]
[SourceDate "2023.09.30"]
[SourceVersion "1"]
[SourceVersionDate "2023.09.30"]
[SourceQuality "1"]

1. d4 d5 2. c4 e6 3. Nf3 Nf6 4. g3 Be7 5. Bg2 0-0 6. 0-0 Nc6 7. Bf4 a6 8. Nbd2 Bd6 9. Ne5 Nxd4 10. e4 dxe4 11. Nxe4 Nf5 12. Nxd6 Nxd6 13. c5 Nb5 14. Qxd8 Rxd8 15. Rfd1 Nd5 16. a4 Na7 17. Nc4 Rd7 18. Ne5 Rd8 19. Rd2 Bd7 20. Bxd5 exd5 21. Nc4 Rac8 22. Rxd5 Be6 23. Rxd8+ Rxd8 24. Bxc7 Rd7 25. Bb6 Nc8 26. Rc1 f6 27. f4 h5 28. Na5 Bg4 29. c6 bxc6 30. Rxc6 Rd1+ 31. Kf2 Rd2+ 32. Ke3 Rxb2 33. Nc4 Ne7 34. Nxb2 Nxc6 35. Ke4 Kf7 36. Kd5 Bf3+ 37. Kd6 Ne7 38. a5 Be2 39. Na4 Ke8 40. Nc5 Bb5 41. Ne6 Kf7 42. Nd4 Bc4 43. Kc5 Bd3 44. Bc7 Nc8 45. Bd6 Be4 46. Nc6 Ke6 47. Bf8 Kf7 48. Bd6 Ke6 49. Bb8 Kd7 50. Nb4 Bb7 51. f5 Ke7 52. Bf4 Kd7 53. Bd2 Kc7 54. Be3 Kd7 55. Bf4 Ke7 56. Nd5+ Ke8 57. Nc7+ Kf7 58. Ne6 Be4 59. Nc7 Bb7 60. h3 Ke7 61. Bd2 Kf7 62. Be3 Ke7 63. Ne6 Be4 64. Nxg7 Kf7 65. Nxh5 Bxf5 66. g4 Be4 67. Bd4 f5 68. Ng3 Bg2 69. Nxf5 Bxh3 70. Ne3 Ke6 71. Bb2 Ne7 72. Bc3 Nc8 73. Bh8 Ne7 74. Kb6 Nd5+ 75. Nxd5 Kxd5 76. g5 Bf1 77. Kc7 Ke6 78. g6 Ke7 79. Kc6 Kf8 80. g7+ Kg8 1/2-1/2

[Event "GER-ch U25-A"]
[Site "Willingen"]
[Date "2023.05.31"]
[Round "5"]
[White "Stork, Christopher"]
[Black "Gold, Jan Christian"]
[Result "1-0"]
[WhiteElo "2035"]
[BlackElo "1754"]
[PlyCount "75"]
[EventDate "2023.05.27"]
[EventType "swiss"]
[EventRounds "9"]
[EventCountry "GER"]
[SourceTitle "CBM 214 Extra"]
[Source "ChessBase"]
[SourceDate "2023.07.31"]
[SourceVersion "1"]
[SourceVersionDate "2023.07.31"]
[SourceQuality "1"]

1. e4 e6 2. Qe2 e5 3. Nf3 Nc6 4. g3 Bc5 5. Bg2 d6 6. c3 Be6 7. 0-0 Qd7 8. Rd1 Bg4 9. d3 h5 10. h4 Nge7 11. b4 Bb6 12. a4 a5 13. b5 Nd8 14. d4 exd4 15. cxd4 Ne6 16. Be3 0-0-0 17. Qd2 f5 18. d5 Nc5 19. Bxc5 Bxf3 20. Bxb6 Bxd1 21. Bd4 fxe4 22. Qxd1 Nxd5 23. Bxe4 Nf6 24. Bxf6 gxf6 25. Qd5 c6 26. bxc6 bxc6 27. Qd3 Kc7 28. Na3 Qg4 29. Rc1 d5 30. Qc2 Qe6 31. Bf5 Qe8 32. Qc5 Rb8 33. Nb5+ Rxb5 34. axb5 Rg8 35. Qa7+ Kd8 36. Rxc6 Qe1+ 37. Kh2 Rg4 38. Rc8# 1-0

[Event "GER-ch U25-A"]
[Site "Willingen"]
[Date "2023.05.30"]
[Round "4"]
[White "Gold, Jan Christian"]
[Black "Gluma, Christian"]
[Result "1-0"]
[WhiteElo "1754"]
[BlackElo "2161"]
[PlyCount "105"]
[EventDate "2023.05.27"]
[EventType "swiss"]
[EventRounds "9"]
[EventCountry "GER"]
[SourceTitle "CBM 214 Extra"]
[Source "ChessBase"]
[SourceDate "2023.07.31"]
[SourceVersion "1"]
[SourceVersionDate "2023.07.31"]
[SourceQuality "1"]

1. d4 d6 2. c4 e5 3. Nf3 e4 4. Nfd2 f5 5. e3 Nf6 6. Nc3 c6 7. f3 d5 8. fxe4 fxe4 9. Be2 Be6 10. Qb3 Qc8 11. cxd5 cxd5 12. Bb5+ Kf7 13. 0-0 Kg8 14. Rxf6 gxf6 15. Nxd5 f5 16. Bc4 Bf7 17. Nf4 Qd7 18. Bxf7+ Qxf7 19. Nc4 h5 20. d5 Bg7 21. Nd6 Qd7 22. Nxf5 Na6 23. d6+ Kh7 24. Qd5 Rae8 25. Ne7 Rxe7 26. dxe7 Qxe7 27. Qxh5+ Kg8 28. Qd5+ Qf7 29. Qxf7+ Kxf7 30. Bd2 Rd8 31. Bc3 Bh6 32. Kf2 Nc5 33. Ke2 Na4 34. Rc1 Rd7 35. Be5 Bf8 36. b3 Nc5 37. g3 a5 38. Bd4 b6 39. Rc4 b5 40. Rc2 Na6 41. Rc6 Nb4 42. Rf6+ Kg8 43. Ne6 Be7 44. Rg6+ Kf7 45. Nf4 Nxa2 46. Bb2 Rc7 47. Rg7+ Ke8 48. Kd1 a4 49. bxa4 bxa4 50. Nd5 Rd7 51. Rxe7+ Rxe7 52. Nxe7 Kxe7 53. Ba3+ 1-0

[Event "GER-chT U14"]
[Site "Willingen"]
[Date "2022.08.13"]
[Round "2.1"]
[White "Gold, Jan Christian"]
[Black "Vecera, Fabio"]
[Result "1-0"]
[WhiteElo "1638"]
[BlackElo "1527"]
[PlyCount "35"]
[EventDate "2022.08.13"]
[EventType "team-swiss"]
[EventRounds "7"]
[EventCountry "GER"]
[SourceTitle "EXT 2023"]
[Source "ChessBase"]
[SourceDate "2022.10.05"]
[SourceVersion "1"]
[SourceVersionDate "2022.10.05"]
[SourceQuality "1"]
[WhiteTeam "Bad Homburg"]
[BlackTeam "Leipzig VfB"]
[WhiteTeamCountry "GER"]
[BlackTeamCountry "GER"]

1. d4 Nf6 2. c4 g6 3. Nc3 d5 4. Bf4 Bg7 5. Nf3 c6 6. e3 0-0 7. cxd5 cxd5 8. Bd3 Nc6 9. a3 e6 10. 0-0 a6 11. Rc1 Nh5 12. Bg5 f6 13. Bh4 g5 14. Nxg5 fxg5 15. Qxh5 gxh4 16. Bxh7+ Kh8 17. Bg6+ Kg8 18. Qh7# 1-0

[Event "GER-chT U12"]
[Site "Magdeburg"]
[Date "2019.12.30"]
[Round "7.2"]
[White "Gold, Jan Christian"]
[Black "Freude, Max"]
[Result "0-1"]
[WhiteElo "1527"]
[BlackElo "1809"]
[PlyCount "56"]
[EventDate "2019.12.27"]
[EventType "team-swiss"]
[EventRounds "7"]
[EventCountry "GER"]
[SourceTitle "CBM 194 Extra"]
[Source "ChessBase"]
[SourceDate "2020.03.31"]
[SourceVersion "1"]
[SourceVersionDate "2020.03.31"]
[SourceQuality "1"]
[WhiteTeam "Bad Homburg"]
[BlackTeam "Berlin Empor"]
[WhiteTeamCountry "GER"]
[BlackTeamCountry "GER"]

1. e4 e5 2. Bc4 Nf6 3. d4 exd4 4. Nf3 Nc6 5. 0-0 Nxe4 6. Re1 d5 7. Bxd5 Qxd5 8. Nc3 Qa5 9. Rxe4+ Be6 10. Nxd4 0-0-0 11. Nce2 Qd5 12. Nc3 Qc4 13. Nce2 f5 14. b3 Qd5 15. Nc3 Qd7 16. Rxe6 Nxd4 17. Re1 Bb4 18. Bb2 Rhe8 19. Rxe8 Rxe8 20. Kf1 Qd6 21. Qh5 g6 22. Qxh7 Bxc3 23. Bxc3 Qa6+ 24. Kg1 Ne2+ 25. Kh1 Nxc3 26. Qf7 Qe6 27. Qxe6+ Rxe6 28. Re1 Rxe1# 0-1

[Event "GER-chT U12"]
[Site "Magdeburg"]
[Date "2019.12.29"]
[Round "5.8"]
[White "Gold, Jan Christian"]
[Black "Uhlmann, Tim"]
[Result "1-0"]
[WhiteElo "1527"]
[BlackElo "1446"]
[PlyCount "67"]
[EventDate "2019.12.27"]
[EventType "team-swiss"]
[EventRounds "7"]
[EventCountry "GER"]
[SourceTitle "CBM 194 Extra"]
[Source "ChessBase"]
[SourceDate "2020.03.31"]
[SourceVersion "1"]
[SourceVersionDate "2020.03.31"]
[SourceQuality "1"]
[WhiteTeam "Bad Homburg"]
[BlackTeam "Neureut"]
[WhiteTeamCountry "GER"]
[BlackTeamCountry "GER"]

1. e4 e5 2. Bc4 Nf6 3. d4 exd4 4. Nf3 Bc5 5. Bg5 d6 6. Nxd4 h6 7. Bh4 Bxd4 8. Qxd4 Nc6 9. Bxf6 Nxd4 10. Bxd8 Nxc2+ 11. Kd2 Nxa1 12. Bxc7 0-0 13. Bxd6 Rd8 14. e5 Bf5 15. Na3 Nc2 16. Nxc2 Bxc2 17. Kxc2 Rac8 18. Kd3 g6 19. b3 Kg7 20. Ke4 Re8 21. f4 a6 22. a4 Rcd8 23. Kd4 f6 24. Kc3 fxe5 25. fxe5 Rc8 26. Kb4 b6 27. Rf1 Ra8 28. e6 b5 29. axb5 axb5 30. Kxb5 Ra7 31. Rf7+ Rxf7 32. exf7 Rd8 33. f8Q+ Rxf8 34. Bxf8+ 1-0

[Event "GER-chT U12"]
[Site "Magdeburg"]
[Date "2019.12.28"]
[Round "4.6"]
[White "Colditz, Elias"]
[Black "Gold, Jan Christian"]
[Result "1-0"]
[WhiteElo "1708"]
[BlackElo "1527"]
[PlyCount "63"]
[EventDate "2019.12.27"]
[EventType "team-swiss"]
[EventRounds "7"]
[EventCountry "GER"]
[SourceTitle "CBM 194 Extra"]
[Source "ChessBase"]
[SourceDate "2020.03.31"]
[SourceVersion "1"]
[SourceVersionDate "2020.03.31"]
[SourceQuality "1"]
[WhiteTeam "Ingelheim"]
[BlackTeam "Bad Homburg"]
[WhiteTeamCountry "GER"]
[BlackTeamCountry "GER"]

1. e4 e6 2. d4 d5 3. exd5 exd5 4. Bd3 Nf6 5. Bg5 Be7 6. Nf3 Bg4 7. 0-0 Nbd7 8. Nbd2 0-0 9. c3 c6 10. Re1 Re8 11. Qc2 h6 12. Bh4 b6 13. h3 Bxf3 14. Nxf3 Qc7 15. Bg3 Bd6 16. Bxd6 Qxd6 17. Qd2 c5 18. Bc2 c4 19. Nh4 Nf8 20. Nf5 Qd7 21. Qf4 Rxe1+ 22. Rxe1 Re8 23. Rxe8 Qxe8 24. Kf1 Ne6 25. Nxh6+ Kf8 26. Qd6+ Qe7 27. Qxe7+ Kxe7 28. Nf5+ Kf8 29. g3 Ng5 30. Kg2 a6 31. h4 Nge4 32. f3 1-0

[Event "Bad Soden U14 op"]
[Site "Bad Soden"]
[Date "2019.10.05"]
[Round "6"]
[White "Gold, Jan Christian"]
[Black "Melchior, Christopher"]
[Result "1-0"]
[WhiteElo "1430"]
[BlackElo "1229"]
[PlyCount "65"]
[EventDate "2019.10.03"]
[EventType "swiss"]
[EventRounds "9"]
[EventCountry "GER"]
[SourceTitle "CBM 192 Extra"]
[Source "Chessbase"]
[SourceDate "2019.11.06"]
[SourceVersion "1"]
[SourceVersionDate "2019.11.06"]
[SourceQuality "1"]

1. d4 d5 2. c4 e6 3. Nc3 Nf6 4. Bg5 Bb4 5. Qa4+ Nc6 6. Nf3 Bd7 7. Qb3 0-0 8. e3 h6 9. Bxf6 Qxf6 10. cxd5 Bxc3+ 11. bxc3 exd5 12. Qxd5 Be6 13. Qe4 Rfe8 14. Qd3 a6 15. Be2 Bf5 16. Qd2 Qg6 17. Nh4 Qg5 18. Nxf5 Qxf5 19. 0-0 Re6 20. d5 Rd6 21. c4 Rad8 22. Rad1 Ne5 23. Bd3 Qg5 24. f4 Nxc4 25. fxg5 Nxd2 26. Rxd2 Rxd5 27. Rfd1 c5 28. Bh7+ Kxh7 29. Rxd5 Rxd5 30. Rxd5 b6 31. gxh6 Kxh6 32. Rd6+ Kh7 33. Rxb6 1-0

[Event "Bad Soden U14 op"]
[Site "Bad Soden"]
[Date "2019.10.05"]
[Round "7"]
[White "Strauss, Florian"]
[Black "Gold, Jan Christian"]
[Result "0-1"]
[WhiteElo "1127"]
[BlackElo "1430"]
[PlyCount "36"]
[EventDate "2019.10.03"]
[EventType "swiss"]
[EventRounds "9"]
[EventCountry "GER"]
[SourceTitle "CBM 192 Extra"]
[Source "Chessbase"]
[SourceDate "2019.11.06"]
[SourceVersion "1"]
[SourceVersionDate "2019.11.06"]
[SourceQuality "1"]

1. e4 e6 2. d4 d5 3. exd5 exd5 4. c4 Nf6 5. Bg5 Bb4+ 6. Nc3 0-0 7. Nf3 Nbd7 8. cxd5 Re8+ 9. Be2 Qe7 10. a3 Bxc3+ 11. bxc3 h6 12. Bh4 g5 13. d6 cxd6 14. Bg3 Nb6 15. Ra2 Nbd5 16. Rc2 Ne4 17. c4 Ndc3 18. Qd3 Bf5 0-1

[Event "Bad Soden U14 op"]
[Site "Bad Soden"]
[Date "2019.10.04"]
[Round "2"]
[White "Vick, Edward"]
[Black "Gold, Jan Christian"]
[Result "0-1"]
[WhiteElo "1242"]
[BlackElo "1430"]
[PlyCount "54"]
[EventDate "2019.10.03"]
[EventType "swiss"]
[EventRounds "9"]
[EventCountry "GER"]
[SourceTitle "CBM 192 Extra"]
[Source "Chessbase"]
[SourceDate "2019.11.06"]
[SourceVersion "1"]
[SourceVersionDate "2019.11.06"]
[SourceQuality "1"]

1. e4 e6 2. d4 d5 3. exd5 exd5 4. Bd3 Nf6 5. Nf3 Be7 6. Bd2 0-0 7. 0-0 c5 8. dxc5 Bxc5 9. c3 a5 10. a4 Qb6 11. Qc2 Ng4 12. Bf4 h6 13. Bg3 Nc6 14. Na3 Be6 15. Nb5 Rac8 16. Nd6 Bxd6 17. Bxd6 Rfd8 18. Bf4 d4 19. Bd2 dxc3 20. Bxc3 Nb4 21. Bh7+ Kh8 22. Qe4 Rc4 23. Qb1 Rf4 24. Bxb4 Rxb4 25. Bf5 Rxb2 26. Qe4 Nxf2 27. Qe1 Nd3+ 0-1

[Event "Bad Soden U14 op"]
[Site "Bad Soden"]
[Date "2019.10.03"]
[Round "1"]
[White "Gold, Jan Christian"]
[Black "Chen, Marvin"]
[Result "1-0"]
[WhiteElo "1430"]
[BlackElo "914"]
[PlyCount "65"]
[EventDate "2019.10.03"]
[EventType "swiss"]
[EventRounds "9"]
[EventCountry "GER"]
[SourceTitle "CBM 192 Extra"]
[Source "Chessbase"]
[SourceDate "2019.11.06"]
[SourceVersion "1"]
[SourceVersionDate "2019.11.06"]
[SourceQuality "1"]

1. d4 d5 2. c4 Nf6 3. Nc3 e6 4. Nf3 Bb4 5. Bg5 h6 6. Bh4 c5 7. dxc5 Qa5 8. Bxf6 gxf6 9. Qd4 Nc6 10. Qxf6 Bxc3+ 11. Qxc3 Qxc3+ 12. bxc3 dxc4 13. e4 b5 14. cxb6 axb6 15. Bxc4 Rg8 16. 0-0 Ra4 17. Bb5 Ra3 18. Ne5 Bb7 19. Nxc6 Rg5 20. Na5+ Rxb5 21. Nxb7 Ke7 22. Rfd1 Ra7 23. Nd6 Rc5 24. f4 Rd7 25. e5 Rxc3 26. Ne4 Rc4 27. Nf6 Ra7 28. Rd2 Rxf4 29. Rad1 h5 30. Rd7+ Rxd7 31. Rxd7+ Kf8 32. Rd8+ Kg7 33. Nxh5+ 1-0

[Event "Bad Soden U14 op 5th"]
[Site "Bad Soden"]
[Date "2018.10.03"]
[Round "8.11"]
[White "Hery, Bastian"]
[Black "Gold, Jan Christian"]
[Result "1-0"]
[WhiteElo "1096"]
[BlackElo "831"]
[PlyCount "45"]
[EventDate "2018.09.30"]
[EventType "swiss"]
[EventRounds "7"]
[EventCountry "GER"]
[SourceTitle "EXT 2020"]
[Source "ChessBase"]
[SourceDate "2019.10.17"]
[SourceVersion "1"]
[SourceVersionDate "2019.10.17"]
[SourceQuality "1"]

1. e4 e5 2. Nf3 Nc6 3. Bc4 Bc5 4. c3 Nf6 5. d4 exd4 6. cxd4 Bb4+ 7. Nc3 Nxe4 8. 0-0 Nxc3 9. bxc3 Bxc3 10. Qb3 Bxa1 11. Bxf7+ Kf8 12. Bg5 Ne7 13. Re1 d6 14. Bg8 Rxg8 15. Bxe7+ Qxe7 16. Rxe7 Kxe7 17. Qxg8 Kf6 18. Qd8+ Kf7 19. Qxc7+ Ke6 20. Qc1 Bxd4 21. Nxd4+ Kd5 22. Nb5 Bd7 23. Nc3+ 1-0

[Event "Bad Soden U14 op 5th"]
[Site "Bad Soden"]
[Date "2018.10.02"]
[Round "7.4"]
[White "Gold, Jan Christian"]
[Black "Lorenz, Alexander1111"]
[Result "0-1"]
[WhiteElo "831"]
[BlackElo "1748"]
[PlyCount "46"]
[EventDate "2018.09.30"]
[EventType "swiss"]
[EventRounds "7"]
[EventCountry "GER"]
[SourceTitle "EXT 2020"]
[Source "ChessBase"]
[SourceDate "2019.10.17"]
[SourceVersion "1"]
[SourceVersionDate "2019.10.17"]
[SourceQuality "1"]

1. d4 Nf6 2. c4 g6 3. Nc3 Bg7 4. Bf4 0-0 5. Nf3 d6 6. e3 c5 7. g3 cxd4 8. exd4 Bg4 9. Bg2 Nc6 10. 0-0 Nh5 11. d5 Nd4 12. Be3 Nxf3+ 13. Bxf3 Bxf3 14. Qxf3 Qd7 15. Kg2 a6 16. Rfe1 Rac8 17. Na4 Qxa4 18. Bg5 Nf6 19. Rxe7 Nd7 20. Rae1 Ne5 21. Qe3 Nxc4 22. Qe2 Ne5 23. Bf4 Rc2 0-1